Korean Pop General Knowledge #1 - Statistics

General Stats
  • This quiz has been taken 279 times
  • The average score is 5 of 15
Answer Stats
# Hint Answer % Correct
7 Highest viewed Korean Youtube video of all time Gangnam Style
71%
15 Company that manages artists like, Sistar, Boyfriend, WJSN and Monsta X Starship Entertainment
59%
11 Group debuted after Produce 101 S2 Ended Wanna One
54%
9 Number one in Variety Show "Produce 101" Season 1 Jeon Somi
47%
13 Brother and Sister group under YG AKMU
46%
6 Most popular drama starring actor, Song Joong-Ki Descendants of the Sun
41%
10 The season 2 equivalent of the above mentioned Kang Daniel
40%
1 Named "Face Brain" or "Most Gorgeous male rookie" Cha Eunwoo
34%
12 Produce 101 S2 trainee that nearly debuted with SEVENTEEN Samuel Kim
34%
5 Nicknamed "Grasshopper" and was featured in PSY's Gentleman Yoo Jae-suk
20%
8 Girlgroup formally known as "MINX" Dreamcatcher
18%
14 Soloist, Ailee's, debut song Heaven
18%
2 Host of "Law of Jungle" Kim Byungman
9%
3 Female member of MFBTY (Korean Name) Yoon Mi-rae
5%
4 Singaporean Trainee in "Idol School 2017" Natasha Low
2%
No matching quizzes found
Score Distribution
Percent of People with Each Score
Percentile by Number Answered
Your Score History
You have not taken this quiz